000 00580nam a2200217 a 4500
999 _c9360
_d9360
001 9360
003 BD-JhCC
005 20180529122821.0
008 180313s1988 u a|||| || | 000 0 eng d
035 _a(BD-JhCC)9360
040 _aBD-JhCC
_dBD-JhCC
041 _aeng
082 _a425
_bBAS 1988
245 _aBasic Studies Practice Readers :
_bHospitality, travel /
_cedited by Carol A. Long
260 _aU. S. A.
_bP. A. R. Publishers,
_c1988.
300 _a57 p. :
_bill. ;
_c25 cm.
650 _aReading
700 _aLong, Carol A.
942 _2ddc
_cBK